On This Day: September 15th Quiz Stats

 Plays Quiz Updated Sep 15, 2017

Challenge
Share
Tweet
Embed
Score 0/7 Timer 03:00
0 Plays Today
Question Answer Wrong Answers
This English author, known for her novels revolving around fictional detectives Hercule Poirot and Miss Marple, is born.
1890
Agatha Christie
94.5%
Dorothy L. Sayers
1.3%
Doris Lessing
1.3%
Jean Rhys
1.2%
The HMS ______, with Charles Darwin aboard, reaches the Galápagos Islands.
1835
Beagle
86.5%
Basset
4.3%
Bernese
4.9%
Boxer
3.3%
The Senate Judiciary Committee unanimously approves this woman for confirmation as the first female justice of the Supreme Court of the United States.
1981
Sandra Day O'Connor
78.7%
Ruth Bader Ginsburg
14%
Sonia Sotomayor
3.2%
Elena Kagan
1.6%
The United Nations cedes Eritrea to this country.
1952
Ethiopia
69.4%
Kenya
9.7%
Egypt
11.4%
Tanzania
7.2%
The United States Department of Foreign Affairs, only established in July, is renamed the Department of ______ and given a variety of domestic duties.
1789
State
68.7%
Defense
14.6%
Homeland Security
15.9%
Energy
0.8%
At the Battle of the Somme, ______ are used for the first time in battle.
1916
Tanks
62.7%
Machine Guns
20.7%
Grenades
9.6%
Submarines
5%
Gary Bettman, commissioner of this big four sports league, announces a lockout of the players’ union, which ultimately leads to a cancellation of the 2004–05 season.
2004
NHL
55.8%
NFL
10.5%
MLB
20.8%
NBA
10.1%

Today's Daily Dose

Missing Word
Animated TV Series

Word Ladder
Boston

Quick Pick
'H' Literature

On This Day
August 16th II

You're not logged in!

Compare scores with friends on all Sporcle quizzes.
Join for Free
OR
Log In

You Might Also Like...

Show Comments

Extras

Top Quizzes Today


Score Distribution

Your Account Isn't Verified!

In order to create a playlist on Sporcle, you need to verify the email address you used during registration. Go to your Sporcle Settings to finish the process.

Report this User

Report this user for behavior that violates our Community Guidelines.

Details: